How To Disappear Completely - Radiohead (Lyrics) - Statistics

General Stats
  • This quiz has been taken 221 times
  • The average score is 64 of 78
Answer Stats
Answer % Correct
I
99%
I
99%
I
99%
I
99%
not
97%
not
97%
not
97%
not
97%
not
97%
not
97%
not
97%
not
97%
not
97%
not
97%
here
96%
here
96%
here
96%
here
96%
here
96%
here
96%
here
96%
here
96%
here
96%
I'm
96%
I'm
96%
I'm
96%
I'm
96%
I'm
96%
I'm
96%
I'm
96%
I'm
96%
I'm
96%
happening
92%
happening
92%
happening
92%
isn't
92%
isn't
92%
i'snt
92%
This
92%
This
92%
This
92%
a
89%
the
88%
The
88%
go
78%
me
78%
And
77%
and
77%
and
77%
That
77%
That's
77%
there
76%
down
74%
Where
74%
float
71%
walk
69%
please
68%
In
63%
through
63%
be
62%
I'll
62%
walls
62%
gone
61%
gone
61%
lights
60%
it's
59%
little
59%
while
59%
Yeah
59%
Liffey
58%
Strobe
56%
already
55%
moment's
54%
passed
54%
speakers
54%
Fireworks
51%
hurricanes
49%
blown
46%
No matching quizzes found
Score Distribution
Percent of People with Each Score
Percentile by Number Answered
Your Score History
You have not taken this quiz